El temblor de Lima de 1609, por el licenciado Pedro de Oña. Edición facsimilar precedida de una noticia de El Vasauro, poema inédito del mismo autor. Reimpreso por J. T. Medina
محفوظ في:
| المؤلف الرئيسي: | |
|---|---|
| مؤلفون آخرون: | |
| التنسيق: | كتاب |
| اللغة: | الإسبانية |
| منشور في: |
Santiago
Imprenta Elzeviriana
1909
|
| الطبعة: | 1a. ed |
| الموضوعات: | |
| الوسوم: |
إضافة وسم
لا توجد وسوم, كن أول من يضع وسما على هذه التسجيلة!
|
MARC
| LEADER | 00000nam a2200000 a 4500 | ||
|---|---|---|---|
| 001 | UCJ3775 | ||
| 003 | CL-VaPUC | ||
| 005 | 20221026140937.0 | ||
| 008 | 070124e19090821CL |||||||||||||||||spa|d | ||
| 999 | |c 319897 |d 319895 | ||
| 040 | |c Pontificia Universidad Católica de Valparaíso | ||
| 082 | 0 | 4 | |a 983 |b MED |2 21 |
| 100 | |a Oña, Pedro de |e autor |9 878010 | ||
| 245 | 1 | 3 | |a El temblor de Lima de 1609, por el licenciado Pedro de Oña. Edición facsimilar precedida de una noticia de El Vasauro, poema inédito del mismo autor. Reimpreso por J. T. Medina |
| 250 | |a 1a. ed | ||
| 260 | |a Santiago |b Imprenta Elzeviriana |c 1909 | ||
| 300 | |a lxxvii, 30 p | ||
| 500 | |a Anteport.- v.: Retrato de Pedro de Oña y su firma.- Port.- v. en bl.- Tirada de 250 ejemplares. Dedicado a Mr. George Parker Winship. Chiappa Feliú Cruz, N§ 184 | ||
| 583 | |a last modification |c 20070124 00:00:00 |k Rodrigo Vera | ||
| 650 | 0 | |a Iconografía |9 267998 | |
| 650 | 7 | |a POESIA CHILENA COLONIAL |2 CL-VaPUC |9 506117 | |
| 650 | 7 | |a LITERATURA COLONIAL AMERICANA |2 CL-VaPUC |9 506118 | |
| 650 | 0 | |a Terremotos |9 267728 | |
| 700 | |a Medina, José Toribio |e reimpresión |9 864450 | ||
| 942 | |c BK |2 ddc | ||
| 945 | |d 20070124 00:00:00 |a rinostro | ||
| 952 | |0 0 |1 0 |4 0 |6 983_000000000000000_MED_1909 |7 0 |8 X |9 398299 |a FDOBUD |b FDOBUD |d 2019-11-22 |i 1008102 |o 983 MED 1909 |p 1008102 |r 2019-11-22 |w 2019-11-22 |y BK_X |k BUD | ||